000
00267 a2200109 4500
020
_a
9789332584921
100
_a
George E. Rejda, Michael McNamara
245
_a
Principles of risk management and insurance
250
_a
13th
260
_b
Pearson
_c
2026
942
_c
OO
999
_c
115392
_d
115391